| 000 | 01486nam a2200373 a 4500 | ||
|---|---|---|---|
| 001 | ebr10611515 | ||
| 003 | CaPaEBR | ||
| 006 | m u | ||
| 007 | cr cn||||||||| | ||
| 008 | 120216s2012 caua sb s001 0deng d | ||
| 010 | _z 2012005217 | ||
| 020 | _z9780520273917 (cloth : alk. paper) | ||
| 020 | _z9780520954274 (e-book) | ||
| 040 |
_aCaPaEBR _cCaPaEBR |
||
| 035 | _a(OCoLC)813286392 | ||
| 043 | _an-us--- | ||
| 050 | 1 | 4 |
_aDG262 _b.W96 2012eb |
| 082 | 0 | 4 |
_a306.20973 _223 |
| 100 | 1 | _aWyke, Maria. | |
| 245 | 1 | 0 |
_aCaesar in the USA _h[electronic resource] / _cMaria Wyke. |
| 260 |
_aBerkeley : _bUniversity of California Press, _cc2012. |
||
| 300 |
_axii, 306 p. : _bill. |
||
| 490 | 1 | _aThe Joan Palevsky imprint in classical literature | |
| 504 | _aIncludes bibliographical references and index. | ||
| 505 | 0 | _apt. 1. Education -- pt. 2. Political culture. | |
| 533 |
_aElectronic reproduction. _bPalo Alto, Calif. : _cebrary, _d2011. _nAvailable via World Wide Web. _nAccess may be limited to ebrary affiliated libraries. |
||
| 600 | 1 | 0 |
_aCaesar, Julius _xInfluence. |
| 650 | 0 |
_aPolitical culture _zUnited States _xHistory. |
|
| 651 | 0 |
_aUnited States _xCivilization _xClassical influences. |
|
| 655 | 7 |
_aElectronic books. _2local |
|
| 710 | 2 | _aebrary, Inc. | |
| 830 | 0 | _aJoan Palevsky imprint in classical literature. | |
| 856 | 4 | 0 |
_uhttp://site.ebrary.com/lib/rucke/Doc?id=10611515 _zAn electronic book accessible through the World Wide Web; click to view |
| 999 |
_c208020 _d208020 |
||